Every city in South Africa - Statistics

General Stats
  • This quiz has been taken 8 times
  • The average score is 56 of 219
Answer Stats
City Population % Correct
P Pretoria 1,763,336
100%
B Bloemfontein 464,591
80%
D Durban 2,786,046
80%
J Johannesburg 7,860,781
80%
N Newcastle 291,484
80%
B Bethal 60,780
60%
B Bethlehem 76,015
60%
C Cape Town 3,430,992
60%
E East London 295,644
60%
E Evaton 605,504
60%
G George 157,397
60%
G Grahamstown 67,264
60%
K Kimberley 225,155
60%
K King William‘s Town 77,682
60%
L Ladysmith 119,726
60%
P Polokwane 227,407
60%
P Port Elizabeth 876,436
60%
R Rustenburg 311,901
60%
S Soshanguve 728,063
60%
S Stanger 134,525
60%
S Stellenbosch 80,316
60%
V Vereeniging 377,922
60%
V Virginia 66,208
60%
A Atlantis 69,055
40%
B Botshabelo 181,712
40%
E Embalenhle 118,889
40%
E Ermelo 83,735
40%
H Hammanskraal 94,273
40%
H Harrismith 27,869
40%
H Heidelberg 71,661
40%
H Hermanus 46,856
40%
L Ladybrand 25,816
40%
M Mdantsane 171,522
40%
M Middelburg 163,809 | 18,680
40%
M Mpumalanga 62,406
40%
M Mthatha 137,589
40%
N Nelspruit 58,670
40%
O Oudtshoorn 61,508
40%
P Paarl 197,735
40%
P Pietermaritzburg 475,238
40%
P Plettenberg Bay 31,822
40%
P Potchefstroom 148,804
40%
Q Queenstown 98,988
40%
R Richards Bay 50,533
40%
S Sasolburg 113,368
40%
S Somerset West 188,035
40%
T Tweefontein 95,457
40%
U Upington 67,581
40%
V Vryheid 47,365
40%
W Welkom 211,014
40%
W Witbank 311,657
40%
W Worcester 97,075
40%
A Alice 15,142
20%
A Aliwal North 35,153
20%
A Allanridge 19,337
20%
A Amandelbult Mine 21,356
20%
B Balfour 25,969
20%
B Ballito 23,135
20%
B Barkly West 20,105
20%
B Beaufort West 34,085
20%
B Bela-Bela 44,999
20%
B Belfast 16,723
20%
B Bloemhof 27,904
20%
B Bothaville 46,029
20%
B Bredasdorp 15,524
20%
B Brits 65,113
20%
B Bronkhorstspruit 34,395
20%
B Bultfontein 23,365
20%
B Burgersdorp 15,991
20%
B Butterworth 44,308
20%
C Carletonville 149,065
20%
C Carolina 16,847
20%
C Ceres 23,873
20%
C Christiana 20,882
20%
C Clocolan 17,602
20%
C Clydesdale 15,322
20%
C Colesberg 16,870
20%
C Coligny 17,278
20%
C Cradock 36,671
20%
C Cullinan 28,451
20%
D Daggakraal 13,182
20%
D De Aar 29,989
20%
D Delmas 52,125
20%
D Deneysville 19,478
20%
D Dimbaza 21,784
20%
D Douglas 20,082
20%
D Dundee 34,924
20%
D Dwarsloop 29,544
20%
E Ekangala 48,492
20%
E Elliot 14,376
20%
E eMkhondo 57,428
20%
E Empangeni 27,606
20%
F Ficksburg 41,248
20%
F Fochville 38,491
20%
F Fort Beaufort 25,668
20%
F Frankfort 26,144
20%
F Frischgewaagd 13,515
20%
G Glencoe 17,548
20%
G Gonubie 19,809
20%
G Graaff-Reinet 35,672
20%
G Grabouw 31,291
20%
G Greytown 19,313
20%
G Groot Brakrivier 15,031
20%
H Hartbeestfontein 18,608
20%
H Hartbeestfontein A 26,337
20%
H Hartebeespoort 22,312
20%
H Heilbron 27,407
20%
H Hendrina 22,786
20%
H Hoopstad 16,033
20%
H Howick 27,087
20%
H Humansdorp 28,990
20%
I Itsoseng 19,959
20%
J Jan Kempdorp 23,003
20%
J Jeffreys Bay 27,107
20%
K Kinross 15,246
20%
K Klerksdorp 189,496
20%
K Knysna 50,029
20%
K Kokstad 51,540
20%
K Koster 19,498
20%
K Kriel 15,237
20%
K Kroonstad 97,780
20%
K Kwaggafontein 45,104
20%
L Lebowakgomo 35,089
20%
L Lephalale 17,639
20%
L Leslie 32,980
20%
L Lichtenburg 45,449
20%
L Louis Trichardt 25,359
20%
L Lydenburg 41,403
20%
M Mahikeng 64,359
20%
M Malmesbury 35,897
20%
M Mankweng 41,298
20%
M Marikana 19,522
20%
M Marquard 15,502
20%
M Modimolle 41,988
20%
M Mokopane 75,516
20%
M Mondlo 44,981
20%
M Montagu 15,176
20%
M Mookgophong 24,854
20%
M Mossel Bay 65,887
20%
M Mtubatuba 27,695
20%
N Ncotshane 16,328
20%
N Nigel 30,276
20%
N Nkowankowa 42,859
20%
O Odendaalsrus 63,743
20%
O Orkney 91,854
20%
O Ottosdal 18,372
20%
P Parys 48,169
20%
P Phalaborwa 13,108
20%
P Phola 31,885
20%
P Phomolong 20,562
20%
P Phuthaditjhaba 56,251
20%
P Port Alfred 25,858
20%
P Port Shepstone 37,089
20%
P Postmasburg 30,089
20%
P Praktiseer 21,264
20%
R Reitz 20,183
20%
R Ritchie 14,850
20%
R Riversdale 16,177
20%
R Robertson 27,714
20%
S Sabie 15,778
20%
S Schweizer-Reneke 41,227
20%
S Senekal 25,543
20%
S Shakaskraal 22,824
20%
S Siyabuswa 36,882
20%
S Somerset East 18,824
20%
S Standerton 84,383
20%
S Stilfontein 63,836
20%
S Stutterheim 24,672
20%
S Swellendam 17,522
20%
T Thaba Nchu 60,696
20%
T Thabazimbi 28,846
20%
T Theunissen 23,513
20%
T Thohoyandou 89,427
20%
T Tongaat 54,109
20%
T Trichardt 44,049
20%
T Tshiame 14,857
20%
U Uitenhage 242,924
20%
U Ulundi 26,538
20%
V Vaalbank 16,290
20%
V Vaalwater 16,462
20%
V Ventersdorp 22,073
20%
V Verena 17,738
20%
V Viljoenskroon 31,468
20%
V Villiers 17,315
20%
V Volksrust 24,281
20%
V Vrede 17,689
20%
V Vredenburg 38,382
20%
V Vredendal 18,170
20%
V Vryburg 46,639
20%
W Warrenton 22,588
20%
W Wembesi 28,252
20%
W Wesselsbron 26,808
20%
W Westonaria 31,733
20%
W White River 21,373
20%
W Whittlesea 28,248
20%
W Wolmaransstad 33,492
20%
Z Zastron 15,607
20%
Z Zeerust 15,987
20%
B Barberton 48,505
0%
E Elukwatuni 31,184
0%
E Estcourt 22,072
0%
F Folweni 30,402
0%
K Kamaqhekeza 21,192
0%
L Letlhabile 41,497
0%
M Mandini 31,327
0%
M Marapong 26,228
0%
M Margate 26,786
0%
M Mkhuhlu 35,864
0%
M Moloto 18,426
0%
M Mooi Rivier 18,137
0%
M Mpophomeni 25,732
0%
M Musina 42,677
0%
N Ndevana 15,150
0%
R Redhill 19,325
0%
S Saldanha 28,142
0%
T Tekwane 14,895
0%
T Tshitereke 15,935
0%
U Umzinto 16,205
0%
No matching quizzes found
Score Distribution
Percent of People with Each Score
Percentile by Number Answered
Your Score History
You have not taken this quiz